Sudden Death - Moselorte - Statistiken

Allgemein
  • Dieses Quiz wurde 73 mal gespielt
  • Das Durchschnittsergebnis liegt bei 5 aus 15
Answers on the Grid
Answers color-coded by a green-red scale on the quiz's grid according to % correct below.
Grevenmacher
Daun
Trier
Bitburg
Metz
Amnéville
Schweich
Differdingen
Konz
Trittenheim
Wittlich
Oberbillig
Mainz
Nancy
Koblenz
Lyon
Luxemburg (Stadt)
Ensch
Spiesen-Elversberg
Cochem
Neuwied
Trassem
Remich
Straßburg
Kobern-Gondorf
 
Antwortstatistiken
Antwort % Korrekt
Trier
81%
Koblenz
64%
Cochem
55%
Kobern-Gondorf
33%
Metz
31%
Konz
29%
Schweich
29%
Oberbillig
26%
Grevenmacher
21%
Nancy
19%
Amnéville
17%
Trittenheim
17%
Ensch
12%
Remich
12%
Trassem
10%
Keine übereinstimmenden Quizze gefunden
Verteilung der Resultate
Anzahl Personen mit jedem Resultat
Perzentil nach korrekt beantworteten Fragen
Ihre Resultats-Entwicklung
Sie haben dieses Quiz noch nicht gespielt